Field flow fractionation handbook / (Record no. 10657)

MARC details
000 -LEADER
fixed length control field 01207cam a2200313 i 4500
001 - CONTROL NUMBER
control field 11770616
003 - CONTROL NUMBER IDENTIFIER
control field EG-ScBUE
005 - DATE AND TIME OF LATEST TRANSACTION
control field 20250729084624.0
008 - FIXED-LENGTH DATA ELEMENTS--GENERAL INFORMATION
fixed length control field 990817t2000 nyua f bf 001 0 eng d
020 ## - INTERNATIONAL STANDARD BOOK NUMBER
International Standard Book Number 0471184306 (acidfree paper)
040 ## - CATALOGING SOURCE
Original cataloging agency DLC
Language of cataloging eng
Description conventions rda
Transcribing agency DLC
Modifying agency DLC
-- EG-ScBUE
082 04 - DEWEY DECIMAL CLASSIFICATION NUMBER
Classification number 543.0894
Edition number 22
Item number FIE
245 00 - TITLE STATEMENT
Title Field flow fractionation handbook /
Statement of responsibility, etc edited by Martin E. Schimpf, Karin Caldwell, J. Calvin Giddings.
264 #1 - PUBLICATION, DISTRIBUTION, ETC. (IMPRINT)
Place of publication, distribution, etc New York :
Name of publisher, distributor, etc Wiley-Interscience,
Date of publication, distribution, etc [2000]
264 #4 - PUBLICATION, DISTRIBUTION, ETC. (IMPRINT)
Date of publication, distribution, etc c2000
300 ## - PHYSICAL DESCRIPTION
Extent xviii, 592 pages :
Other physical details illustrations ;
Dimensions 25 cm
336 ## - CONTENT TYPE
Source rdacontent
Content type term text
Content type code txt
337 ## - MEDIA TYPE
Media type term unmediated
Source rdamedia
Media type code n
338 ## - CARRIER TYPE
Carrier type term volume
Carrier type code nc
Source rdacarrier
504 ## - BIBLIOGRAPHY, ETC. NOTE
Bibliography, etc Includes bibliographical references and index.
650 #7 - SUBJECT ADDED ENTRY--TOPICAL TERM
Topical term or geographic name as entry element Field-flow fractionation.
Source of heading or term BUEsh
655 ## - INDEX TERM--GENRE/FORM
Form subdivision Reading book
700 1# - ADDED ENTRY--PERSONAL NAME
Personal name Schimpf, Martin E.,
Dates associated with a name 1957-
Relator term editor.
700 1# - ADDED ENTRY--PERSONAL NAME
Personal name Caldwell, Karin,
Dates associated with a name 1940-
Relator term editor.
700 1# - ADDED ENTRY--PERSONAL NAME
Personal name Giddings, J. Calvin
Fuller form of name (John Calvin),
Dates associated with a name 1930-
Relator term editor.
856 42 - ELECTRONIC LOCATION AND ACCESS
Materials specified Publisher description
Uniform Resource Identifier <a href="http://www.loc.gov/catdir/description/wiley037/99045533.html">http://www.loc.gov/catdir/description/wiley037/99045533.html</a>
856 4# - ELECTRONIC LOCATION AND ACCESS
Materials specified Table of Contents
Uniform Resource Identifier <a href="http://www.loc.gov/catdir/toc/onix01/99045533.html">http://www.loc.gov/catdir/toc/onix01/99045533.html</a>
942 ## - ADDED ENTRY ELEMENTS (KOHA)
Source of classification or shelving scheme Dewey Decimal Classification
Koha item type Reference (NB)
Holdings
Withdrawn status Lost status Source of classification or shelving scheme Damaged status Not for loan Collection code Home library Current library Shelving location Date acquired Source of acquisition Cost, normal purchase price Serial Enumeration / chronology Total Checkouts Full call number Barcode Date last seen Price effective from Koha item type
    Dewey Decimal Classification     Alahram Central Library Central Library Ground Floor 03/02/2009   683.10 6398   543.0894 FIE 000014471 15/07/2025 03/02/2009 Reference (NB)